000 00304nam a2200133 i 4500
001 bg
245 0 _aZbiór zadań z elektrotechniki teoretycznej.
_nCz.1.
250 _aWyd.4.
260 _aŁódź,
_c1963.
040 _cBPK
041 _apol
942 _cKS
008 s pl f |000 0 pol
999 _c7185
_d7185
856 _uhttp://koha.tu.koszalin.pl/cgi-bin/koha/opac-detail.pl?biblionumber=7185
_yKatalog online BPK